| 000 | 00347nam a2200109Ia 4500 | ||
|---|---|---|---|
| 008 | 160531s9999 xx 000 0 und d | ||
| 100 | _aNeher, Richard A. | ||
| 245 | _aStatistical Genetics and Evolution of Quantitative Traits | ||
| 245 | _cby Richard A. Neher, Boris I. Shraiman | ||
| 260 | _c2011 | ||
| 856 | _uhttp://arxiv.org/pdf/1108.1630v1.pdf | ||
| 999 |
_c295113 _d295113 |
||